Pays les plus riches du monde - Statistiques

Statistiques générales
  • Ce quiz a été pris 376 fois
  • Le résultat moyen est 14 sur 15
Statistiques - réponses
Dollars Pays % Correct
2.930 milliards France
99%
14.090 milliards Chine
98%
20.410 milliards Etats-Unis
98%
4.210 milliards Allemagne
94%
5.170 milliards Japon
94%
1.720 milliard Russie
94%
1.800 milliard Canada
93%
2.180 milliards Italie
92%
2.940 milliards Royaume-Uni
92%
1.510 milliard Espagne
91%
2.140 milliards Brésil
90%
2.850 milliards Inde
88%
1.500 milliard Australie
83%
1.120 milliard Mexique
78%
1.690 milliard Corée du sud
72%
Aucun quiz correspondant
Distribution des résultats
% des personnes avec chaque résultat
Percentile par nombre de réponses
Votre historique - résultats
Vous n’avez pas pris ce quiz